000
nam a22 7a 4500
999
_c
234870
_d
234870
003
Nust
005
20170331124519.0
008
170331b xxu||||| |||| 00| 0 eng d
020
_a
9788120339859
040
_c
DLC
082
_a
526.9 SAI
100
_4
Saikia, Mimi Das
245
_a
Surveying
942
_2
ddc
_c
BK